00227 a2200097 450000100060000008200150000610000150002124500490003626000270008550000170011274165 a910.02 KAP aKapoor A.N aPrinciples of Physical GeographycA.N Kapoor aNew DelhibS, Chand&Co aCFT Textbook